Numismatica de Israel : (Registro nro. 33811)
[ vista simple ]
| 000 -CABECERA | |
|---|---|
| campo de control de longitud fija | 00752nam a2200229 i 4500 |
| 003 - IDENTIFICADOR DEL NÚMERO DE CONTROL | |
| campo de control | DO-SdBNP |
| 005 - FECHA Y HORA DE LA ÚLTIMA TRANSACCIÓN | |
| campo de control | 20260305122416.0 |
| 007 - CAMPO FIJO DE DESCRIPCIÓN FÍSICA--INFORMACIÓN GENERAL | |
| campo de control de longitud fija | ta |
| 008 - DATOS DE LONGITUD FIJA--INFORMACIÓN GENERAL | |
| campo de control de longitud fija | 111003s1987 000 spa d |
| 040 ## - FUENTE DE LA CATALOGACIÓN | |
| Centro catalogador/agencia de origen | DO-SdBNP |
| Lengua de catalogación | spa |
| Centro/agencia transcriptor | BNPHU |
| Normas de descripción | rda |
| 041 ## - CÓDIGO DE LENGUA | |
| Código de lengua del texto/banda sonora o título independiente | spa |
| 082 ## - NÚMERO DE LA CLASIFICACIÓN DECIMAL DEWEY | |
| Número de clasificación | xxx |
| Número de documento/Ítem | N971 |
| Número de edición | 22 |
| 245 #0 - MENCIÓN DE TÍTULO | |
| Título | Numismatica de Israel : |
| Resto del título | 20 aniversario reunificación de Jerusalen Museo numismatico y filatélico, Instituto Cultural Dominico-Israelí |
| 264 ## - PRODUCCIÓN, PUBLICACIÓN, DISTRIBUCIÓN, FABRICACIÓN Y COPYRIGHT | |
| Producción, publicación, distribución, fabricación y copyright | Santo Domingo : |
| Nombre del de productor, editor, distribuidor, fabricante | Banco Central de la República, |
| Fecha de producción, publicación, distribución, fabricación o copyright | 1987. |
| 300 ## - DESCRIPCIÓN FÍSICA | |
| Extensión | 82 páginas : |
| Otras características físicas | ilustraciones ; |
| Dimensiones | 25 cm |
| 336 ## - TIPO DE CONTENIDO | |
| Término de tipo de contenido | rdacontent |
| Código de tipo de contenido | texto |
| Fuente | txt |
| 337 ## - TIPO DE MEDIO | |
| Nombre/término del tipo de medio | rdamedia |
| Código del tipo de medio | sin mediación |
| Fuente | n |
| 338 ## - TIPO DE SOPORTE | |
| Nombre/término del tipo de soporte | rdacarrier |
| Código del tipo de soporte | volumen |
| Fuente | nc |
| 590 ## - NOTA LOCAL (RLIN) | |
| Nota local | Inventar4iado, 2026/DG |
| 910 ## - DATOS DE OPCIÓN DEL USUARIO (OCLC) | |
| Datos de opción del usuario | DG |
| 942 ## - ELEMENTOS DE PUNTO DE ACCESO ADICIONAL (KOHA) | |
| Fuente del sistema de clasificación o colocación | Dewey Decimal Classification |
| Tipo de ítem Koha | Libro |
| Estado de retiro | Estado de pérdida | Fuente del sistema de clasificación o colocación | Restricciones de uso | No para préstamo | Código de colección | Localización permanente | Ubicación/localización actual | Ubicación en estantería | Fecha de adquisición | Fuente de adquisición | Total de préstamos | Signatura topográfica completa | Código de barras | Fecha visto por última vez | Precio válido a partir de | Tipo de ítem Koha | Nota pública |
|---|---|---|---|---|---|---|---|---|---|---|---|---|---|---|---|---|---|
| Dewey Decimal Classification | Excluido de préstamo | Patrimonio Dominicano | Biblioteca Nacional Pedro Henríquez Ureña | Biblioteca Nacional Pedro Henríquez Ureña | En catalogación | 05.03.2026 | Donación | BNPHU PD N971 | 2026-1765 | 05.03.2026 | 05.03.2026 | Libro | Federico Henríquez Grateraux |
